1617 1658 1976 1995 1496 1264 1505 1549 1965 1701 1833 1893 1382 1422 1211 1415 1898 1338 1558 1582 1749 1037 1430 1630 1465 1215 1541 1315 1845 1853 1212 1884 1341 1982 1556 1953 1409 1558 1576 1234 1519 1338 1557 1982 1391 1457 1102 1713 1563 1342 1258 1423 1285 1507 1169 1903 1191 1747 1895 1150 1563 1890 1948 1109 1297 1630 1748 1223 1034 1895 1472 1891 1038 1412 1367 1219 1169 1596 1712 1627 1157 1565 1310 1938 1518 1547 1630 1654 1076 1601 1629 1373 1929 1915 1674 1649 1799 1737 1001 BCNSPRNW ULIB Ver.6.0+V

เปลี่ยนเป็นภาษาไทย

Change to English
 แสดงรายละเอียดบรรณานุกรม
  กลับหน้าหลัก

Brief Record : Get Marc (ISO 2709) : E-mail record : QR code < ปิดหน้าต่าง
LEADER : 00000nam 2200000uu 4500
001    13399112153
003     ULIB
008    110627s2550||||th 000 0 tha d
020    9789747503968
090    นว.^bน283อ 2550
100 0  นลัท
245 00 อุ่นไอ ใต้เงารัก/^cนลัท
250    พิมพ์ครั้งที่ 2
260    กรุงเทพฯ :^bแจ่มใส,^c2550
300    370 หน้า
710 1  แจ่มใส
945    ^p229^l0^i022025
995    ทศพร
999 ^a ใช้งานได้ทุกระบบ
รายการนี้ยังไม่มีแท็ก
คุณยังไม่ได้ล็อกอิน คุณสามารถมีกิจกรรมร่วมกับเว็บไซต์ได้ แต่ต้องล็อกอินก่อน ::
  ล็อกอิน

รายการสื่อสารสนเทศ

ลำดับที่ ประเภท เลขเรียก/บาร์โค้ด สถานที่ สถานะ
- ไม่พบข้อมูล -

รายการใกล้เคียง
    ผู้แต่ง [นลัท]

BibComment


ยังไม่เคยถูกคอมเมนท์

คอมเมนท์ทรัพยากรรายการนี้
  คอมเมนท์: อุ่นไอ ใต้เงารัก ..


 Copyright 2026. Bcnsprnw @Library